| 000 | 01139cam a2200229 4500 | ||
|---|---|---|---|
| 001 | J122313 | ||
| 008 | 030512n2003 000 0 eng u | ||
| 035 | _a(Sirsi) u122313 | ||
| 041 | _aeng | ||
| 050 |
_a346.4104346 _c18 |
||
| 110 |
_aUnited Kingdom _bOffice of the Deputy Prime Minister |
||
| 245 | _aConsultation on the prescribed form of tenant's notice of cover | ||
| 260 |
_aLondon _bODPM _c2003 |
||
| 520 | _aNew consultation seeks views on the additional information to be included in the notice of cover and on the form of the notice where long leaseholders of houses have arranged their own buildings insurance as prescribed in the draft Leasehold Houses (Notice of Cover of Insurance) (England) Regulations 2003. View at www.dclg.gov.uk. | ||
| 650 | _aLEASEHOLDERS | ||
| 650 | _aDRAFT LEASEHOLD HOUSES (NOTICE OF COVER OF INSURANCE) (ENGLAND) REGULATIONS 2003 | ||
| 650 | _aBUILDINGS INSURANCE | ||
| 650 | _aCOMMONHOLD AND LEASEHOLD REFORM ACT 2002 | ||
| 690 |
_aLandlord and tenant _96252 |
||
| 856 |
_uhttps://www.communities.gov.uk/index.asp?id=1151776 _vView the consultation on the DCLG website... |
||
| 942 | _n0 | ||
| 999 |
_c102826 _d102826 |
||